Tri príbehy o hľadaní líderstva v ére rýchlych zmien

Konkrétne príklady skúseností troch organizácií, ktoré oslovili partnerov spoločnosti Amrop, aby im poskytli odborný pohľad na líderstvo v týchto firmách a navrhli a poskytli pomoc pri organizačných zmenách.

Gespeichert in:
Bibliographische Detailangaben
1. Verfasser: Mackanič, Rastislav
Format: Buchkapitel
Sprache:Slowakisch
Schlagworte:
Tags: Tag hinzufügen
Keine Tags, Fügen Sie das erste Tag hinzu!

MARC

LEADER 00000naa a2200000 4500
001 0305383
005 20241129131424.7
041 0 |a slo 
044 |a SK 
245 1 0 |a Tri príbehy o hľadaní líderstva v ére rýchlych zmien  |c Rastislav Mackanič 
520 |a Konkrétne príklady skúseností troch organizácií, ktoré oslovili partnerov spoločnosti Amrop, aby im poskytli odborný pohľad na líderstvo v týchto firmách a navrhli a poskytli pomoc pri organizačných zmenách. 
610 2 0 |a lídri 
610 2 0 |a vedenie ľudí 
610 2 0 |a zmeny organizačné 
610 2 0 |a podnikanie rodinné 
610 2 0 |a nástupníctvo podnikové 
610 2 0 |a poradenstvo 
100 1 |a Mackanič, Rastislav